|
|
|
|
| LEADER |
00803nab a2200205 i 4500 |
| 001 |
misc61504 |
| 005 |
20230510150730.0 |
| 008 |
230303s1903 hu o 0|| hun d |
| 040 |
|
|
|a SZTE Miscellanea Repozitórium
|b hun
|
| 041 |
|
|
|a hun
|
| 100 |
1 |
|
|a Thúry József
|
| 245 |
1 |
0 |
|a Török nyelvemlékek a XIV. század végéig
|h [elektronikus dokumentum] :
|b székfoglaló értekezés /
|c Thúry József
|
| 260 |
|
|
|a Magyar Tudományos Akadémia
|b Budapest
|c 1903
|
| 300 |
|
|
|a 52 p.
|c 23 cm
|
| 561 |
|
|
|a Németh Gyula hagyaték
|
| 591 |
|
|
|a J/75 N 1198; NOA 6061; MNY 939/7; J/24 3310; J/24 3311
|
| 650 |
|
4 |
|a Bölcsészettudományok
|
| 650 |
|
4 |
|a Nyelvek és irodalom
|
| 695 |
|
|
|a Nyelvemlék - török - 7-14. sz.
|
| 856 |
4 |
0 |
|u http://misc.bibl.u-szeged.hu/61504/1/6061_noa.pdf
|z Dokumentum-elérés
|